000 01352nam a2200241Ia 4500
999 _c40008
_d40008
001 6614
003 GE_BSU
005 20220928115706.0
008 181216s2003||||ge |||||||||||||| ||geo||
040 _cGE_BSU
041 _ageo
080 _a616-07(075.8) ტ-37
100 _aტატიშვილი, ნ.
_93231
245 _aშინაგან სნეულებათა დიაგნოსტიკა :
_bსახელმძღ. სამედ. უნ-ტის სტუდენტებისათვის /
_cნუგზარ ტატიშვილი, ირაკლი ტატიშვილი ; რედ. გ. სიმონია.
264 _aთბილისი :
_bსაქართველოს მაცნე,
_c2003.
300 _a349 გვ.:
_bილ.;
_c27 სმ.
653 _a შინაგანი დაავადებების დიაგნოსტიკა
653 _aმედიცინა
700 _aტატიშვილი, ირაკლი
_eავტორი
_95410
700 _aსიმონია, გ.
_eრედაქტორი
_93229
856 _uhttps://drive.google.com/file/d/1RnkYntIMgkK8r-z3azdUE6Uh0IF3DuLO/view?fbclid=IwAR3VEhbSVxoq7N3itIA0obvJmSxpvYMw8EifVsrYYZNA0SyV5HntBEO91BE
_yელ. ვერსია. pdf
942 _cBK
_2udc